[Event "EGY-chT"]
[Site "Egypt"]
[Date "2016.05.09"]
[Round "5.1"]
[White "Michael, Mina"]
[Black "Adly, Ahmed"]
[Result "0-1"]
[WhiteElo "2278"]
[BlackElo "2598"]
[PlyCount "42"]
[EventDate "2016.05.05"]
[EventType "team-tourn"]
[EventRounds "9"]
[EventCountry "EGY"]
[SourceTitle "CBM 172 Extra"]
[Source "ChessBase"]
[SourceDate "2016.06.21"]
[SourceVersion "1"]
[SourceVersionDate "2016.06.21"]
[SourceQuality "1"]
[WhiteTeam "Imbaba"]
[BlackTeam "Elhawar"]
[WhiteTeamCountry "EGY"]
[BlackTeamCountry "EGY"]

1. d4 Nf6 2. c4 e6 3. Nc3 Bb4 4. e3 0-0 5. Bd3 d5 6. Nge2 c5 7. a3 cxd4 8. exd4 dxc4 9. Bxc4 Bd6 10. Nb5 Be7 11. Bf4 Na6 12. 0-0 Bd7 13. Nec3 Bc6 14. Re1 Qd7 15. Qb3 Kh8 16. Rad1 Rfe8 17. h3 Bf8 18. Be5 Qd8 19. Qa2 Nd5 20. Nxd5 exd5 21. Be2 f6 0-1